| 000 | 00850nam a22002417a 4500 | ||
|---|---|---|---|
| 005 | 20170905131227.0 | ||
| 010 | _aENG-103171 B-463330-359 | ||
| 020 |
_a9780071332149 _c550.00 |
||
| 020 |
_a0071332146 _c550.00 |
||
| 035 | _aEN-86704 B-463330-359 | ||
| 037 | _bDBAD / PUB | ||
| 037 | _bRBC/Ven | ||
| 082 | _a000 | ||
| 100 | _aSharma, Arun | ||
| 245 |
_aHow to prepare for quantitative aptitude for the CAT / _cby Arun Sharma |
||
| 250 | _a4th ed | ||
| 260 |
_aNew Delhi _bTata McGraw Hill _c2011 |
||
| 270 |
_a7, West Patel Nagar _bNew Delhi _e110008 |
||
| 300 |
_axxxi,641p. _c27cm (pbk) |
||
| 490 | _aTata McGraw-Hill's winning edge series | ||
| 942 |
_2ddc _cEN _mSHA _h000 |
||
| 999 |
_c54499 _d54499 |
||